000 00576nam a2200169Ia 4500
003 GCL
008 140319s9999 xx 000 0 ara d
040 _aGCL /
_cGCL
082 0 4 _a811
_bر ا
100 1 _aربيع محمد على عبد الخالق
245 1 0 _aاثر التراث العربى القديم : فى الشعر العربى المعاصر /
_cربيع محمد على عبد الخالق
260 _a[S.N] :
_bدار المعرفة الجامعية ،
_c1989
300 _a229 ص
490 _a
650 0 4 _aالشعر العربى
942 _2ddc
_cBK
999 _c39670
_d39670